Ynari (Registo nº 50896)

Detalhes MARC
000 -Etiqueta do registo
campo de controlo de comprimento fixo 008460000a22002530004500
001 - Identificador do registo
Campo de controlo 50896
010 ## - ISBN
Número (ISBN) 972-21-1636-3
021 ## - Nº depósito legal
Código do país Portugal
Número 211507/04
100 ## - Dados Gerais de Proc.
Dados gerais de processamento 20120523d2006 d||y0pory5003 ba
101 0# - Língua da publicação
Língua do texto, banda sonora, etc. Português
102 ## - País de Publicação
País de publicação Portugal
200 1# - Título
Título próprio Ynari
Primeira menção de responsabilidade Ondjaki
Outras menções de responsabilidade il. Danuta Wojciechowska
Informação de outro título a menina das cinco tranças
205 ## - Menção da edição
Menção da edição 2.ª ed
210 ## - Publicação, Distribuição
Lugar da edição, distribuição, etc. Lisboa
Nome do editor, distribuidor, etc. Caminho
Data da publicação, distribuição, etc. 2006
215 ## - Descrição física
Descrição física 43, [1] p.
Outras indicações físicas il.
300 ## - Notas gerais
Texto da nota Livro recomendado pelo PNL
606 ## - Nome comum
Koha Internal code 2099
Elemento de entrada Literatura infantil -- Conto
675 ## - CDU
Notação 821.134.3(673)-34"20"
Edição BN
Língua da edição Português
675 ## - CDU
Notação 821.134.3(673)-93"20"
Edição BN
Língua da edição Português
700 #1 - Responsabilidade principal
Koha Internal Code 34743
Palavra de ordem Ondjaki
Elementos de identificação ou distinção pseud.
Código de função Autor
702 #1 - Responsabilidade secundária
Koha Internal Code 48002
Palavra de ordem Wojciechowska
Outra parte do nome Danuta
Datas 1960-
Código de função Ilustrador
801 ## - Fonte de origem
País Portugal
Agência BN
Data da última transacção 20120523
090 ## - Números de controlo do sistema (Koha)
Número biblioitem do Koha (gerado automaticamente) 50896
942 ## - Elementos de entrada adicionados (Koha)
Tipo de item no Koha Monografias
Suprimido Disponível no OPAC
999 ## - Campo local
Campo local 50896
Exemplares
Removido (estado) Perdido (estado) Data de aquisição Origem do registo (biblioteca) (codificado) Código da organização que empresta ou é detentora (biblioteca) Localização da prateleira Código de barras Número de inventário Cota Tipo de circulação (não pode ser emprestado) Tipo de item e material
Disponível Disponível 2012-05-23 Biblioteca EB23 D. Paio Peres Correia Biblioteca EB23 D. Paio Peres Correia Plano Nacional de Leitura – 1.º Ciclo BEBDPPC5181 5181 82(673) OND Normal Monografias